Flags of (Non-)Recognized Countries and Territories of the World - Statistics

General Stats
  • This quiz has been taken 116 times
    72 since last reset
  • The average score is 198 of 250
Answer Stats
Picture Answer % Correct
Estonia
100%
Finland
100%
France
100%
Lesotho
100%
Monaco
100%
South Africa
100%
Spain
100%
Ukraine
100%
Angola
97%
Honduras
97%
Hong Kong
97%
Vatican City
97%
Djibouti
93%
Gabon
93%
Morocco
93%
Papua New Guinea
93%
Slovenia
93%
South Korea
93%
Sri Lanka
93%
Albania
90%
Brunei
90%
Canada
90%
Chile
90%
Egypt
90%
Greece
90%
Guatemala
90%
Guernsey
90%
Ireland
90%
Moldova
90%
Netherlands
90%
Nicaragua
90%
Puerto Rico
90%
Rwanda
90%
Somalia
90%
Suriname
90%
Switzerland
90%
Tonga
90%
Tunisia
90%
United States
90%
Venezuela
90%
Bahrain
86%
Dominica
86%
East Timor
86%
Ecuador
86%
Faroe Islands
86%
Fiji
86%
Latvia
86%
Mali
86%
Mozambique
86%
Portugal
86%
Republic of the Congo
86%
Tajikistan
86%
Antigua and Barbuda
83%
Armenia
83%
Chad
83%
Eswatini
83%
Guinea
83%
Guinea-Bissau
83%
Haiti
83%
Italy
83%
Ivory Coast
83%
Liberia
83%
Madagascar
83%
Maldives
83%
Marshall Islands
83%
Myanmar
83%
Namibia
83%
New Zealand
83%
North Korea
83%
Palau
83%
Saint Kitts and Nevis
83%
Saint Lucia
83%
Saint Vincent and the Grenadines
83%
Saudi Arabia
83%
Thailand
83%
Togo
83%
United Kingdom
83%
Vanuatu
83%
Yemen
83%
Algeria
79%
Andorra
79%
Argentina
79%
Australia
79%
Austria
79%
Azerbaijan
79%
Bahamas
79%
Bangladesh
79%
Barbados
79%
Belarus
79%
Belgium
79%
Belize
79%
Benin
79%
Bhutan
79%
Bosnia and Herzegovina
79%
Brazil
79%
Bulgaria
79%
Burkina Faso
79%
Burundi
79%
Central African Republic
79%
Comoros
79%
Cyprus
79%
Democratic Republic of the Congo
79%
Denmark
79%
El Salvador
79%
Equatorial Guinea
79%
Ethiopia
79%
Federated States of Micronesia
79%
Georgia
79%
Grenada
79%
Guyana
79%
India
79%
Indonesia
79%
Iran
79%
Israel
79%
Jamaica
79%
Japan
79%
Kazakhstan
79%
Kiribati
79%
Kuwait
79%
Kyrgyzstan
79%
Laos
79%
Libya
79%
Liechtenstein
79%
Lithuania
79%
Malaysia
79%
Malta
79%
Mauritania
79%
Mauritius
79%
Mayotte
79%
Mongolia
79%
Montenegro
79%
Nauru
79%
Nigeria
79%
Norway
79%
Oman
79%
Palestine
79%
Panama
79%
Paraguay
79%
Philippines
79%
Poland
79%
Qatar
79%
Romania
79%
Russia
79%
Samoa
79%
Serbia
79%
Sierra Leone
79%
Singapore
79%
Slovakia
79%
Solomon Islands
79%
Sudan
79%
Sweden
79%
Taiwan
79%
Tanzania
79%
Turkey
79%
United Arab Emirates
79%
Uruguay
79%
Uzbekistan
79%
Vietnam
79%
Western Sahara
79%
Zambia
79%
Zimbabwe
79%
Afghanistan
76%
Bolivia
76%
Bonaire
76%
Botswana
76%
Cambodia
76%
Cameroon
76%
Cape Verde
76%
China
76%
Colombia
76%
Croatia
76%
Cuba
76%
Curaçao
76%
Czech Republic
76%
Dominican Republic
76%
Eritrea
76%
Gambia
76%
Germany
76%
Greenland
76%
Guam
76%
Hungary
76%
Iceland
76%
Iraq
76%
Jordan
76%
Kenya
76%
Kosovo
76%
Lebanon
76%
Luxembourg
76%
Malawi
76%
Mexico
76%
Nepal
76%
Niger
76%
Norfolk Island
76%
North Macedonia
76%
Pakistan
76%
San Marino
76%
São Tomé and Príncipe
76%
Senegal
76%
Seychelles
76%
South Sudan
76%
Syria
76%
Trinidad and Tobago
76%
Turkmenistan
76%
Tuvalu
76%
Uganda
76%
U.S. Virgin Islands
76%
Abkhazia
72%
American Samoa
72%
Anguilla
72%
British Virgin Islands
72%
Christmas Island
72%
Costa Rica
72%
Falkland Islands
72%
French Polynesia
72%
Ghana
72%
Gibraltar
72%
Isle of Man
72%
Jersey
72%
Macau
72%
New Caledonia
72%
Niue
72%
Northern Cyprus
72%
Somaliland
72%
Tokelau
72%
Aruba
69%
Bermuda
69%
Cook Islands
69%
French Guiana
69%
Guadeloupe
69%
Northern Mariana Islands
69%
Pitcairn Islands
69%
Réunion
69%
Saint Helena
69%
Cayman Islands
66%
Montserrat
66%
Sint Maarten
66%
South Ossetia
66%
Turks and Caicos Islands
66%
Peru
62%
Transnistria
62%
Saint Barthélemy
59%
Saint Pierre and Miquelon
59%
Tristan Da Cunha
59%
Wallis and Futuna
55%
Ascension
52%
Cocos (Keeling) Islands
52%
Martinique
52%
Saba
52%
Sint Eustatius
52%
Svalbard and Jan Mayen
38%
No matching quizzes found
Score Distribution
Percent of People with Each Score
Percentile by Number Answered
Your Score History
You have not taken this quiz since the last reset